Pomsta (Record no. 22022)
[ view plain ]
| 000 -LEADER | |
|---|---|
| fixed length control field | 02279cam a2200565 a 4500 |
| 001 - CONTROL NUMBER | |
| control field | 22022 |
| 003 - CONTROL NUMBER IDENTIFIER | |
| control field | VRT |
| 005 - DATE AND TIME OF LATEST TRANSACTION | |
| control field | 20260317162648.0 |
| 008 - FIXED-LENGTH DATA ELEMENTS--GENERAL INFORMATION | |
| fixed length control field | 180730s2009 xo oa e 000 fdslo |
| 015 ## - NATIONAL BIBLIOGRAPHY NUMBER | |
| National bibliography number | SNBA2010/06-03044 |
| 020 ## - INTERNATIONAL STANDARD BOOK NUMBER | |
| International Standard Book Number | 9788080970406 |
| Qualifying information | (viaz.) |
| 035 ## - SYSTEM CONTROL NUMBER | |
| System control number | 2AB6FAB8-4F55-499A-BBFC-98F64A9D4F53 |
| 035 ## - SYSTEM CONTROL NUMBER | |
| System control number | urn:nbn:sk:snk-amk2dd |
| 035 ## - SYSTEM CONTROL NUMBER | |
| System control number | urn:nbn:sk:snk-am0086w4 |
| 039 #9 - LEVEL OF BIBLIOGRAPHIC CONTROL AND CODING DETAIL [OBSOLETE] | |
| Level of rules in bibliographic description | 202406230819 |
| Level of effort used to assign nonsubject heading access points | csnk01 |
| Level of effort used to assign subject headings | 202406161831 |
| Level of effort used to assign classification | csnk01 |
| Level of effort used to assign subject headings | 202406161830 |
| Level of effort used to assign classification | csnk01 |
| Level of effort used to assign subject headings | 202308281234 |
| Level of effort used to assign classification | msnk170 |
| 040 ## - CATALOGING SOURCE | |
| Original cataloging agency | SNK |
| Language of cataloging | slo |
| Transcribing agency | SNK |
| Description conventions | AACR2 |
| 041 1# - LANGUAGE CODE | |
| Language code of text/sound track or separate title | slo |
| Language code of original | eng |
| 044 ## - COUNTRY OF PUBLISHING/PRODUCING ENTITY CODE | |
| MARC country code | xo |
| ISO country code | SK |
| 072 #7 - SUBJECT CATEGORY CODE | |
| Subject category code | 821.111-3 |
| Subject category code subdivision | Anglická próza, anglicky písaná |
| Source | konspekt |
| 080 ## - UNIVERSAL DECIMAL CLASSIFICATION NUMBER | |
| Universal Decimal Classification number | 821.111-31 |
| Edition identifier | 2001 |
| 080 ## - UNIVERSAL DECIMAL CLASSIFICATION NUMBER | |
| Universal Decimal Classification number | (082.21) |
| Edition identifier | 2001 |
| 245 00 - TITLE STATEMENT | |
| Title | Pomsta |
| Statement of responsibility, etc. | Jeffrey Archer. Spomínaš si? / Sophie Kinsella. Dieťa 44 / Tom Rob Smith. V šachu / Sandra Brown |
| 250 ## - EDITION STATEMENT | |
| Edition statement | 1. vyd. |
| 260 ## - PUBLICATION, DISTRIBUTION, ETC. | |
| Place of publication, distribution, etc. | Bratislava |
| Name of publisher, distributor, etc. | Reader´s Digest Výber |
| Date of publication, distribution, etc. | 2009 |
| 300 ## - PHYSICAL DESCRIPTION | |
| Extent | 558 s. |
| Other physical details | fotogr., ilustr. |
| Dimensions | 21 cm |
| 490 1# - SERIES STATEMENT | |
| Series statement | Najlepšie svetové čítanie |
| 500 ## - GENERAL NOTE | |
| General note | Biogr. údaje. Názov z obalu. Dokument obsahuje 4 diela od rôznych autorov |
| 655 #7 - INDEX TERM--GENRE/FORM | |
| Genre/form data or focus term | anglické romány |
| Source of term | SNKPH |
| 655 #7 - INDEX TERM--GENRE/FORM | |
| Genre/form data or focus term | americké romány |
| Source of term | SNKPH |
| 655 #7 - INDEX TERM--GENRE/FORM | |
| Genre/form data or focus term | English fiction |
| Source of term | SNKPHeng |
| 655 #7 - INDEX TERM--GENRE/FORM | |
| Genre/form data or focus term | výbery |
| Source of term | SNKPH |
| 700 1# - ADDED ENTRY--PERSONAL NAME | |
| Personal name | Muráňová, Mária |
| Titles and other words associated with a name | (prekladateľka) |
| Relationship | trl |
| 700 12 - ADDED ENTRY--PERSONAL NAME | |
| Personal name | Archer, Jeffrey, |
| Dates associated with a name | 1940- |
| Title of a work | Pomsta |
| 700 12 - ADDED ENTRY--PERSONAL NAME | |
| Personal name | Kinsella, Sophie, |
| Dates associated with a name | 1969- |
| Title of a work | Spomínaš si? |
| 700 12 - ADDED ENTRY--PERSONAL NAME | |
| Personal name | Smith, Tom Rob, |
| Dates associated with a name | 1979- |
| Title of a work | Dieťa 44 |
| 700 12 - ADDED ENTRY--PERSONAL NAME | |
| Personal name | Brown, Sandra, |
| Dates associated with a name | 1948- |
| Title of a work | V šachu |
| 700 12 - ADDED ENTRY--PERSONAL NAME | |
| Personal name | Archer, Jeffrey, |
| Dates associated with a name | 1940- |
| Title of a work | A prisoner of Brith |
| Language of a work | Slovensky |
| 700 12 - ADDED ENTRY--PERSONAL NAME | |
| Personal name | Kinsella, Sophie, |
| Dates associated with a name | 1969- |
| Title of a work | Remember me? |
| Language of a work | Slovensky |
| 700 12 - ADDED ENTRY--PERSONAL NAME | |
| Personal name | Smith, Tom Rob, |
| Dates associated with a name | 1979- |
| Title of a work | Child 44 |
| Language of a work | Slovensky |
| 700 12 - ADDED ENTRY--PERSONAL NAME | |
| Personal name | Brown, Sandra, |
| Dates associated with a name | 1948- |
| Title of a work | Standoff |
| Language of a work | Slovensky |
| 830 #0 - SERIES ADDED ENTRY--UNIFORM TITLE | |
| Uniform title | Najlepšie svetové čítanie |
| 942 ## - ADDED ENTRY ELEMENTS (KOHA) | |
| Source of classification or shelving scheme | Dewey Decimal Classification |
| Koha item type | Krásna literatúra pre dospelých |
| Suppress in OPAC | No |
| 949 ## - LOCAL PROCESSING INFORMATION (OCLC) | |
| 6 | 17A0640123 |
| a | snkSC 138392 |
| b | snk2009/22618 |
| o | 2543/09 |
| 949 ## - LOCAL PROCESSING INFORMATION (OCLC) | |
| 6 | 17A0640124 |
| a | snkSC 138392 D1 |
| b | snk2009/22619 |
| o | 2543/09 |
| p | Digitalizovaný |
| s | 6100:20210923 |
| 949 ## - LOCAL PROCESSING INFORMATION (OCLC) | |
| 6 | 2889151833 |
| a | savukPV 13017 |
| b | savuk2009/5326 |
| 949 ## - LOCAL PROCESSING INFORMATION (OCLC) | |
| 6 | 270001000339924 |
| a | svkbbA 126701 |
| b | svkbbm 705679 |
| 949 ## - LOCAL PROCESSING INFORMATION (OCLC) | |
| 6 | 273K0508386 |
| a | svkpoB 82344 |
| b | svkpo519097 |
| Stav vyradenia | Strata | Poškodenie | Spôsob nadobudnutia | Domovská knižnica | Aktuálna knižnica | Dátum nadobudnutia | Total checkouts | Čiarový kód exemplára | Date last seen | Typ exemplára |
|---|---|---|---|---|---|---|---|---|---|---|
| Dar | Obecná knižnica Horná Štubňa | Obecná knižnica Horná Štubňa | 17.03.2026 | 9788080970406 | 17.03.2026 | Krásna literatúra pre dospelých |
